[Event "Bronshoj SenSommer"]
[Site "Copenhagen"]
[Date "2018.09.20"]
[Round "5"]
[White "Larsen, Carsten Moller"]
[Black "Kjaer, Jakob"]
[Result "1-0"]
[WhiteElo "2034"]
[BlackElo "1997"]
[PlyCount "77"]
[EventDate "2018.08.16"]
[EventType "tourn"]
[EventRounds "7"]
[EventCountry "DEN"]
[SourceTitle "EXT 2020"]
[Source "ChessBase"]
[SourceDate "2019.10.17"]
[SourceVersion "1"]
[SourceVersionDate "2019.10.17"]
[SourceQuality "1"]

1. d4 e6 2. Nf3 Nf6 3. Bg5 Be7 4. e3 Nd5 5. h4 h6 6. Bxe7 Qxe7 7. c3 b6 8. Nbd2 Bb7 9. Bd3 Nc6 10. Qe2 Nf6 11. e4 Nd8 12. 0-0-0 d5 13. e5 Nd7 14. g4 c5 15. Kb1 c4 16. Bc2 b5 17. Ka1 b4 18. Nb1 a5 19. Qd2 Nb6 20. g5 Bc6 21. g6 Ba4 22. gxf7+ Nxf7 23. Rdg1 Bxc2 24. Qxc2 Rg8 25. Rg3 a4 26. a3 bxa3 27. Nxa3 0-0-0 28. h5 Rdf8 29. Nh4 Nh8 30. Nb5 a3 31. Nd6+ Kb8 32. bxa3 Qa7 33. Qb2 Nf7 34. Ng6 Nxd6 35. exd6 Rf7 36. Ne7 Rc8 37. Rb1 Ka8 38. Ka2 Na4 39. Nxc8 1-0

[Event "Bronshoj-ch A"]
[Site "Copenhagen"]
[Date "2018.05.17"]
[Round "7"]
[White "Kjaer, Jakob"]
[Black "Mouritsen, Jan"]
[Result "1-0"]
[WhiteElo "1940"]
[BlackElo "1925"]
[PlyCount "129"]
[EventDate "2018.03.08"]
[EventType "tourn"]
[EventRounds "9"]
[EventCountry "DEN"]
[SourceTitle "EXT 2020"]
[Source "ChessBase"]
[SourceDate "2019.10.17"]
[SourceVersion "1"]
[SourceVersionDate "2019.10.17"]
[SourceQuality "1"]

1. Nf3 d5 2. c4 e6 3. b3 Nf6 4. g3 Be7 5. Bg2 0-0 6. 0-0 c5 7. Bb2 Nc6 8. cxd5 Nxd5 9. Nc3 b6 10. Nxd5 exd5 11. Rc1 Bb7 12. d4 Bf6 13. Ba1 Re8 14. dxc5 Bxa1 15. Rxa1 bxc5 16. Rc1 Qe7 17. Re1 a5 18. Qc2 Nd4 19. Nxd4 cxd4 20. Qd2 Qb4 21. Rcd1 Qb5 22. Bf3 a4 23. b4 d3 24. exd3 Rxe1+ 25. Rxe1 Ba6 26. a3 Rc8 27. Re5 Qxd3 28. Qxd3 Bxd3 29. Bxd5 Kf8 30. Re3 Bb5 31. Kg2 Rd8 32. Bb7 Rb8 33. Bf3 Rd8 34. Re5 Rb8 35. Bd5 f6 36. Re3 Rd8 37. Be4 g6 38. Rc3 f5 39. Bc2 Rd6 40. h4 Bc6+ 41. Kh3 Re6 42. Re3 Rd6 43. Bd3 Rd5 44. f3 Bd7 45. Kg2 h6 46. Kf2 g5 47. hxg5 hxg5 48. Bc4 Rd4 49. Ba6 Rd6 50. Rd3 Rxa6 51. Rxd7 Rc6 52. Ra7 Rc2+ 53. Kg1 Rc1+ 54. Kf2 Rc2+ 55. Ke1 Rc3 56. Rxa4 Rxf3 57. b5 Ke7 58. b6 Kd7 59. Rb4 Kc8 60. a4 Rxg3 61. a5 Re3+ 62. Kf2 Re5 63. Ra4 Kb7 64. a6+ Kxb6 65. a7 1-0

[Event "Copenhagen Whitsun op"]
[Site "Copenhagen"]
[Date "2014.06.05"]
[Round "2"]
[White "Frank Nielsen, Marie"]
[Black "Kjaer, Jakob"]
[Result "0-1"]
[WhiteElo "1978"]
[BlackElo "1976"]
[PlyCount "102"]
[EventDate "2014.06.03"]
[EventType "swiss"]
[EventRounds "9"]
[EventCountry "DEN"]
[SourceTitle "EXT 2015"]
[Source "ChessBase"]
[SourceDate "2014.11.20"]
[SourceVersion "1"]
[SourceVersionDate "2014.11.20"]
[SourceQuality "1"]

1. e4 d5 2. exd5 Qxd5 3. Nc3 Qa5 4. d4 Nf6 5. Bc4 Bg4 6. f3 Bf5 7. Nge2 e6 8. 0-0 c6 9. Re1 Be7 10. Bd2 Qc7 11. Bf4 Bd6 12. Bxd6 Qxd6 13. Ng3 Bg6 14. Kh1 0-0 15. Nce4 Nxe4 16. fxe4 Nd7 17. c3 Rad8 18. Qf3 b5 19. Bb3 a5 20. h4 a4 21. Bc2 h6 22. Ne2 Nb6 23. Nf4 Bh7 24. g4 e5 25. Ne2 Nc4 26. b3 Nb6 27. Rad1 Qa3 28. dxe5 Qxa2 29. Bb1 Qxb3 30. Nd4 Qc4 31. g5 h5 32. Rd2 b4 33. Rf2 b3 34. Nf5 Bg6 35. Nd6 Qe6 36. Qg3 Nd7 37. Nf5 Nxe5 38. Nd4 Qe7 39. Nf5 Qc5 40. Nd4 Rde8 41. Rb2 Qd6 42. Ree2 c5 43. Nf5 Bxf5 44. exf5 Nc4 45. Qxd6 Nxd6 46. Rg2 Nc4 47. Rbf2 Re1+ 48. Rg1 Rxg1+ 49. Kxg1 a3 50. Bd3 a2 51. Bxc4 a1Q+ 0-1

[Event "Wichern op 6th"]
[Site "Hamburg"]
[Date "2001.10.18"]
[Round "6.64"]
[White "Kjaer, Jakob"]
[Black "Mueller, Hans Dieter"]
[Result "1-0"]
[WhiteElo "1735"]
[BlackElo "1577"]
[PlyCount "67"]
[EventDate "2001.10.21"]
[EventType "swiss"]
[EventRounds "9"]
[EventCountry "GER"]
[SourceTitle "EXT 2002"]
[Source "ChessBase"]
[SourceDate "2001.11.25"]
[SourceVersion "1"]
[SourceVersionDate "2001.11.25"]
[SourceQuality "1"]

1. Nf3 Nf6 2. c4 b6 3. g3 Bb7 4. Bg2 e6 5. 0-0 c5 6. Nc3 Be7 7. d3 0-0 8. a3 Nc6 9. Ne1 Re8 10. f4 d5 11. cxd5 exd5 12. Nf3 d4 13. Ne4 Nxe4 14. dxe4 Qd7 15. h3 Ba6 16. Rf2 Rad8 17. Bd2 c4 18. Qa4 Qb7 19. e5 b5 20. Qd1 Bc5 21. Ng5 c3 22. Ne4 Be7 23. bxc3 d3 24. e3 Qd7 25. Kh2 Na5 26. a4 Nc4 27. Qb3 Bb7 28. Qxb5 Bxe4 29. Qxd7 Rxd7 30. Bxe4 Nxd2 31. Rxd2 Bc5 32. Bc6 Red8 33. Bxd7 Rxd7 34. Rb1 1-0

[Event "Wichern op 6th"]
[Site "Hamburg"]
[Date "2001.10.17"]
[Round "5.53"]
[White "Schubert, Silke"]
[Black "Kjaer, Jakob"]
[Result "1-0"]
[WhiteElo "2077"]
[BlackElo "1735"]
[PlyCount "81"]
[EventDate "2001.10.21"]
[EventType "swiss"]
[EventRounds "9"]
[EventCountry "GER"]
[SourceTitle "EXT 2002"]
[Source "ChessBase"]
[SourceDate "2001.11.25"]
[SourceVersion "1"]
[SourceVersionDate "2001.11.25"]
[SourceQuality "1"]

1. e4 d6 2. d4 Nc6 3. d5 Ne5 4. f4 Ng6 5. Nf3 e6 6. dxe6 fxe6 7. Bc4 Be7 8. 0-0 c6 9. Kh1 d5 10. exd5 exd5 11. Bd3 Bg4 12. Qe1 Bxf3 13. Rxf3 Qd6 14. Nc3 0-0-0 15. Ne2 Qf6 16. Qa5 Kb8 17. Be3 d4 18. Bf2 c5 19. Bc4 b6 20. Qb5 Qd6 21. a4 Nf6 22. a5 Ne4 23. axb6 Nxf2+ 24. Rxf2 Qxb6 25. Qa4 Kc7 26. Rf3 Ra8 27. Rb3 Qc6 28. Qa5+ Kd6 29. Qd2 Bd8 30. Ng3 Rf8 31. Re1 Nxf4 32. Ne4+ Kc7 33. Qa5+ Kd7 34. Qa3 Kc7 35. Bb5 Qb6 36. Nxc5 Bg5 37. Na6+ Kb7 38. Bc4 Rfe8 39. Rxb6+ axb6 40. Rf1 Re3 41. Qd6 1-0

[Event "Wichern op 6th"]
[Site "Hamburg"]
[Date "2001.10.15"]
[Round "3.58"]
[White "Stiemer, Soenke"]
[Black "Kjaer, Jakob"]
[Result "0-1"]
[WhiteElo "2056"]
[BlackElo "1735"]
[PlyCount "70"]
[EventDate "2001.10.21"]
[EventType "swiss"]
[EventRounds "9"]
[EventCountry "GER"]
[SourceTitle "EXT 2002"]
[Source "ChessBase"]
[SourceDate "2001.11.25"]
[SourceVersion "1"]
[SourceVersionDate "2001.11.25"]
[SourceQuality "1"]

1. c4 e5 2. Nc3 Nc6 3. g3 d6 4. Bg2 Be6 5. d3 Be7 6. Nf3 Qd7 7. Nd5 h6 8. Rb1 Bd8 9. h4 Bxd5 10. cxd5 Nce7 11. Qb3 Rb8 12. Bd2 f5 13. 0-0 Nf6 14. Ne1 0-0 15. Nc2 Ng6 16. Nb4 Be7 17. Qc4 Kh8 18. Rbc1 Rbc8 19. Bh3 Bd8 20. Nc2 Ne7 21. e4 Qe8 22. Ne3 f4 23. Nf5 Qg6 24. Nxe7 Bxe7 25. Bf5 Qh5 26. Bxc8 Rxc8 27. Qb3 f3 28. Qd1 Qg4 29. Rc3 Nh5 30. Kh2 Bxh4 31. Rg1 Be7 32. d4 Rf8 33. dxe5 dxe5 34. Rxc7 Nf4 35. Bxf4 Qh5# 0-1

[Event "Wichern op 5th"]
[Site "Hamburg"]
[Date "1999.10.19"]
[Round "6"]
[White "Kjaer, Jakob"]
[Black "Emami Eghdam, Kaweh"]
[Result "1-0"]
[WhiteElo "1742"]
[BlackElo "1345"]
[PlyCount "41"]
[EventDate "1999.10.15"]
[EventType "swiss"]
[EventRounds "9"]
[EventCountry "GER"]
[SourceTitle "EXT 2001"]
[Source "ChessBase"]
[SourceDate "2000.11.22"]
[SourceVersion "1"]
[SourceVersionDate "2000.11.22"]
[SourceQuality "1"]

1. Nf3 Nf6 2. g3 d5 3. c4 dxc4 4. Qa4+ Nbd7 5. Qxc4 b6 6. Bg2 Bb7 7. Ng5 Ne5 8. Qb5+ c6 9. Qxe5 e6 10. Nxe6 fxe6 11. Qxe6+ Be7 12. Bxc6+ Bxc6 13. Qxc6+ Nd7 14. Qd5 Rc8 15. 0-0 Rc5 16. Qb3 h5 17. d4 Rc6 18. e4 h4 19. Nc3 Rf6 20. Nd5 Rff8 21. Bf4 1-0

[Event "Wichern op 5th"]
[Site "Hamburg"]
[Date "1999.10.18"]
[Round "5"]
[White "Kjaergaard Jensen, Jesper"]
[Black "Kjaer, Jakob"]
[Result "1-0"]
[WhiteElo "2136"]
[BlackElo "1742"]
[PlyCount "73"]
[EventDate "1999.10.15"]
[EventType "swiss"]
[EventRounds "9"]
[EventCountry "GER"]
[SourceTitle "EXT 2001"]
[Source "ChessBase"]
[SourceDate "2000.11.22"]
[SourceVersion "1"]
[SourceVersionDate "2000.11.22"]
[SourceQuality "1"]

1. d4 Nf6 2. Nf3 e6 3. c3 d5 4. Bf4 Bd6 5. e3 0-0 6. Bd3 Nc6 7. Nbd2 Bxf4 8. exf4 Ne7 9. g3 Qd6 10. Qe2 Rb8 11. 0-0 Bd7 12. Ne5 b5 13. b4 c6 14. Nb3 Be8 15. Nc5 Nd7 16. a4 Nxc5 17. bxc5 Qc7 18. axb5 cxb5 19. Rfb1 Qb7 20. Ra5 Qc7 21. Rba1 b4 22. Rxa7 Rb7 23. Rxb7 Qxb7 24. Qb2 f6 25. Ng4 Nc6 26. Ra6 Bd7 27. Rb6 bxc3 28. Bxh7+ Kh8 29. Qxc3 Qc7 30. Bg6 e5 31. Nxe5 fxe5 32. Qf3 Rf6 33. Qh5+ Kg8 34. Qh7+ Kf8 35. Qh8+ Ke7 36. Qxg7+ Ke6 37. dxe5 1-0